Concise law Dictionary : (Record no. 181399)

MARC details
000 -LEADER
fixed length control field 00645nam a22001937a 4500
005 - DATE AND TIME OF LATEST TRANSACTION
control field 20210913111741.0
010 ## - LCCN (DPL NO)
LC control number ENG-129912
020 ## - INTERNATIONAL STANDARD BOOK NUMBER
International Standard Book Number 978-93-8999-149-9
Terms of availability 3250.00
035 ## - SYSTEM CONTROL NUMBER
System control number EN-113444
037 ## - SOURCE OF ACQUISITION
Source of stock number/acquisition DBAD/PUB
082 ## - DEWEY DECIMAL CLASSIFICATION NUMBER
Classification number 340.03
100 ## - MAIN ENTRY--PERSONAL NAME
Dates associated with a name Aiyar,P Ramamatha
245 ## - TITLE STATEMENT
Title Concise law Dictionary :
Statement of responsibility, etc by P Ramanatha Aiyar
250 ## - EDITION STATEMENT
Edition statement 7th ed.
260 ## - PUBLICATION, DISTRIBUTION, ETC. (IMPRINT)
Name of publisher, distributor, etc Lexis Nexis
Place of publication, distribution, etc India
Date of publication, distribution, etc 2020
270 ## - ADDRESS
City Gurgaon
Postal code 122002
Address 14th Floor , Building No 10, Tower-B, DLF Cyber City, phase -ll
Telephone number +91 124 4774444
Fax number +91 124 4774100
Electronic mail address help.in@lexisnexis.com
300 ## - PHYSICAL DESCRIPTION
Extent xxi,1570p.
Dimensions 25cm(pbk)
942 ## - ADDED ENTRY ELEMENTS (KOHA)
Source of classification or shelving scheme Dewey Decimal Classification
Item type English Books
Classification part 340.03
Call number suffix AIR
Holdings
Withdrawn status Lost status Not for loan Collection code Home library Current library Date acquired Source of acquisition Cost, normal purchase price Full call number Barcode Copy number Cost, replacement price Koha item type
      Reference Central Library Central Library 13/09/2021 DBAD/PUB 1095.00 340.03 AIR EN-113444 1 1095.00 English Books

© Delhi Public Library
Hit Counter
free hit counter